Từ ngôn ngữ chung đến ngôn ngữ nghệ thuật

Spremljeno u:
Bibliografski detalji
Glavni autor: Đào Thản
Format: Knjiga
Jezik:Undetermined
Izdano: Hà Nội KHXH 1998
Teme:
Oznake: Dodaj oznaku
Bez oznaka, Budi prvi tko označuje ovaj zapis!
Thư viện lưu trữ: Trung tâm Học liệu Trường Đại học Cần Thơ
LEADER 00558nam a2200193Ia 4500
001 CTU_29770
008 210402s9999 xx 000 0 und d
020 |b 21.000đ 
082 |a 495.9228 
082 |b Th105 
100 |a Đào Thản 
245 0 |a Từ ngôn ngữ chung đến ngôn ngữ nghệ thuật 
245 0 |c Đào Thản 
260 |a Hà Nội 
260 |b KHXH 
260 |c 1998 
650 |a rhetoric,semantics,vietnamese language 
904 |i Minh, 990422 
980 |a Trung tâm Học liệu Trường Đại học Cần Thơ